Kottalapozó alkalmazás fejlesztése

Elmentve itt :
Bibliográfiai részletek
Szerző: Schreier Attila Péter
További közreműködők: Csendes Tibor (Témavezető)
Dokumentumtípus: Szakdolgozat
Megjelent: 2020
Tárgyszavak:
Online Access:http://diploma.bibl.u-szeged.hu/110649
LEADER 00711nta a2200181 i 4500
001 dipl110649
005 20210416114950.0
008 210407s2020 hu om 0|| zxx d
040 |a SZTE Diploma Repozitórium  |b hun 
041 |a zxx 
100 1 |a Schreier Attila Péter 
245 1 0 |a Kottalapozó alkalmazás fejlesztése  |h [elektronikus dokumentum] /  |c Attila Péter Schreier 
246 1 0 |a Developing sheet tuner application  |h [elektronikus dokumentum] 
260 |c 2020 
650 4 |a Természettudományok 
650 4 |a Computer sciences, information science and bioinformatics 
700 1 |a Csendes Tibor  |e ths 
856 4 0 |u http://diploma.bibl.u-szeged.hu/id/eprint/110649/1/2020_schreier_attila_peter.pdf  |z Dokumentum-elérés